000 00924nam a2200277Ia 4500
003 OSt
005 20220927105750.0
006 a|||||r|||| 00| 0
007 ta
008 220926b |||||||| |||| 00| 0 eng d
024 _a206886
037 _cReference Collections
040 _aRTL
_cRTL
_beng
041 _2eng
_aeng
082 _a"Y49(J).242, Q7/GD"
100 _aAGRICULTURAL ECONOMICS RESEARCH CENTRE
_9374865
110 _aAGRICULTURAL ECONOMICS RESEARCH CENTRE
_9374866
245 0 _aFarmers suicides in Haryana
260 _a"Delhi,"
_b"University of Delhi, "
_c2017
300 _aviii;49p.
_ccm.
490 _aHandbook of Research Methods and Applications
500 _aBibliography chapterwise
700 _aAGRICULTURAL ECONOMICS RESEARCH CENTRE
_9374865
942 _h"Y49(J).242, Q7/GD"
_cCC
999 _c694511
_d694511